| 000 | 00670nam a22001937a 4500 | ||
|---|---|---|---|
| 005 | 20130430154149.0 | ||
| 008 | 130408b xxu||||| |||| 00| 0 eng d | ||
| 010 | _aENG-106847 | ||
| 020 |
_a9789350570067 _c450.00 |
||
| 035 | _aEN-90380 | ||
| 037 | _bDBAD/PUB | ||
| 040 |
_aDPL _bEng |
||
| 082 | _a530 | ||
| 245 |
_aCrash course JEE (Main) /AIEEE physics : _bbased on the latest syllabus of JEE (Main)/AIEEE / |
||
| 260 |
_aNew Delhi _bV& S Publishers _c2013 |
||
| 270 |
_aF-2/16, Anasari Road, Daryaganj Vihar _bNew Delhi _e110002 _k23240026 _l011- 23240028 _minfo@vspublishers.com |
||
| 300 |
_axxxv,396p. _c25cm (pbK) |
||
| 942 |
_2ddc _cEN _mCRA _h530 |
||
| 999 |
_c74311 _d74311 |
||